| 000 | 00344nam a22001217a 4500 | ||
|---|---|---|---|
| 008 | 160613b xxu||||| |||| 00| 0 eng d | ||
| 020 | _a9780803611566 | ||
| 020 | _a0803611560 | ||
| 041 | _aeng | ||
| 080 | _a618.2 | ||
| 245 |
_a.Nursing diagnosis manual: _cMarillynn E. Doenges; Mary Frances Moorhouese;Alice C. Geissler Murr; |
||
| 942 |
_2udc _cBK |
||
| 999 |
_c2494 _d2494 |
||